000 00652nam a2200241 4500
001 2027
010 _a9789898743299
021 _aPT
_b549447/25
090 _a2027
100 _a20260113d2025 c||y0pory50030103ba
101 _apor
102 _aPT
200 _aMário e o comboio da liberdade
_fAdélia Carvalho
_gil. Nuno Saraiva
205 _a1ª edição
210 _aPorto
_cTcharan
_d2025
215 _a[54] p.
_cil.
_d24 cm
300 _aBMB-Registado
606 _9863
_aLiteratura Infantil
675 _a087.5
_vBMB
_zpor
700 _aCarvalho
_bAdélia
_f1969-
_92902
701 _aSaraiva
_bNuno
_f1969-
_4440
_92903
801 _aPT
_bBMB
_gRPC
990 _cLIVROS